Vanguardia y racionalidad (Record no. 21288)

MARC details
000 -CABECERA
campo de control de longitud fija 00802nam a2200229 4500
003 - IDENTIFICADOR DEL NÚMERO DE CONTROL
campo de control OSt
005 - FECHA Y HORA DE LA ÚLTIMA TRANSACCIÓN
campo de control 20260601193529.0
008 - DATOS DE LONGITUD FIJA--INFORMACIÓN GENERAL
campo de control de longitud fija 260417b19461974|||a|||| |||| 00| 0 sp d
020 ## - NÚMERO INTERNACIONAL ESTÁNDAR DEL LIBRO
Número Internacional Estándar del Libro 8425206634
040 ## - FUENTE DE LA CATALOGACIÓN
Centro catalogador/agencia de origen ICI
Lengua de catalogación spa
Centro/agencia transcriptor ICI
050 ## - SIGNATURA TOPOGRÁFICA DE LA BIBLIOTECA DEL CONGRESO
Número de clasificación BH301.A94
Número de documento/Ítem M34
100 #1 - ENTRADA PRINCIPAL--NOMBRE DE PERSONA
Nombre de persona Tomás Maldonado
Fechas asociadas al nombre 1922
9 (RLIN) 36166
245 #1 - MENCIÓN DE TÍTULO
Título Vanguardia y racionalidad
Resto del título Artículos ensayos y otros escritos 1946-1974
Mención de responsabilidad, etc. Tomas Maldonado ; prólogo de Tomás llorens ; revision castellana de francesco Serra i cantarell
264 ## - PRODUCCIÓN, PUBLICACIÓN, DISTRIBUCIÓN, FABRICACIÓN Y COPYRIGHT
Nombre del de productor, editor, distribuidor, fabricante GG Colección Comunicación Visual
Fecha de producción, publicación, distribución, fabricación o copyright 1977
Producción, publicación, distribución, fabricación y copyright Barcelona ; México
300 ## - DESCRIPCIÓN FÍSICA
Extensión 271 páginas
336 ## - TIPO DE CONTENIDO
Término de tipo de contenido texto
Fuente rdacontent
337 ## - TIPO DE MEDIO
Nombre/término del tipo de medio sin medio
Fuente rdamedia
338 ## - TIPO DE SOPORTE
Nombre/término del tipo de soporte volumen
Fuente rdacarrier
490 ## - MENCIÓN DE SERIE
Mención de serie Colección comunicación visual
650 ## - PUNTO DE ACCESO ADICIONAL DE MATERIA--TÉRMINO DE MATERIA
Fuente del encabezamiento o término Vanguardismo (Estética)
942 ## - ELEMENTOS DE PUNTO DE ACCESO ADICIONAL (KOHA)
Fuente del sistema de clasificación o colocación Dewey Decimal Classification
Tipo de ítem Koha Libros
Holdings
Estado de retiro Estado de pérdida Fuente del sistema de clasificación o colocación Estado dañado No para préstamo Localización permanente Ubicación/localización actual Fecha de adquisición Total de préstamos Signatura topográfica completa Código de barras Fecha visto por última vez Número de copia Precio válido a partir de Tipo de ítem Koha
El ejemplar forma parte de la colección y puede ser consultado según las políticas vigentes.   Library of Congress Classification     Biblioteca de Diseño Museo Franz Mayer Biblioteca de Diseño Museo Franz Mayer 18/04/2026   BH301.A94 M34 BDIMFM000054 18/04/2026 Ej. 1 18/04/2026 Libros